Quiz sur Vald - Statistiques

Statistiques générales
  • Ce quiz a été pris 253 fois
    252 depuis la dernière actualisation
  • Le résultat moyen est 9 sur 16
Statistiques - réponses
Hint Réponse % Correct
nom de son dernier album Pandemonium
95%
avec quel rappeur a t-il réalisé "Péon" orelsan
90%
Dans quel album trouve t-on le morceau "désaccordé" XEU
90%
nombre d'enfant(s) 1
83%
Prénom et nom Valentin Le Du
77%
Quel artiste a collaboré avec Vald dans l'album commun "Horizon Vertical" Heuss l'Enfoiré
76%
Quel est le nom de son label indépendant Echelon
75%
sa ville de naissance Aulnay-sous-bois
74%
A quelle émission TV participe t'il en tant que jury en 2021 The Voice
66%
Que signifie NQNTMQMQMB Ni queue ni tête mais qui met quand même bien
58%
Comment se nomme le titre imitant le générique d'un dessin animé Lezarman
49%
complète la phrase : "J'ferme une parenthèse..." en charentaise
31%
nom de la maladie de naissance qu'il a eu pneumonie
29%
Dans l'album NQNT, quel est le nom du titre en feat avec Suikon Blaz AD ? Infanticide
27%
son espèce animale préféré reptile
11%
Quel est le nom du rappeur qui l'a fait aimer le rap Alkapote
10%
Aucun quiz correspondant
Distribution des résultats
% des personnes avec chaque résultat
Percentile par nombre de réponses
Votre historique - résultats
Vous n’avez pas pris ce quiz depuis la dernière actualisation